00605nam a22001937a 450000500170000000800410001702000230005804100080008108200180008910000230010711000350013024500710016526000460023630000370028250400100031965000420032970000200037170000200039120260428123822.0260428b |||||||| |||| 00| 0 eng d a9780324828658qhbk aeng a343.7305 HOF aH. Hofman, William aSouth Western Federal Taxation aIndividual Income Taxes 2010 Editionc/edited by William H. Hofman aUSAbSouth Western Cengage Learningc2010 axxii, 700p. varying pagesc28cm. aindex aMilitary, tax, trade & industrial law aE. Smith, James aWillis, Eugene